000 00320nam a2200121Ia 4500
008 231129s1956||||xx |||||||||||||| ||spa||
082 _aHAJ- 0278
100 _aLocke John
245 0 _aEnsayo sobre el entendimiento humano
260 _c1956
264 _aMéxico: Fondo de Cultura Económica 1956
942 _2ddc
_cBKS
999 _c13108
_d13108